[Event "Olexuv memorial 2018"]
[Site "?"]
[Date "2018.12.27"]
[Round "3.5"]
[White "Borovicka, Bohumil"]
[Black "Kolek, Josef"]
[Result "0-1"]
[WhiteElo "1909"]
[BlackElo "1778"]
[PlyCount "48"]
[EventDate "2018.??.??"]

1. e4 c5 2. b3 Nf6 3. e5 Nd5 4. Bb2 Nc6 5. Nf3 e6 6. Bb5 Nce7 7. O-O a6 8. Be2
Ng6 9. Re1 b5 10. d4 Bb7 11. c4 bxc4 12. Bxc4 cxd4 13. Bxd4 Bb4 14. Bxd5 Bxd5
15. Bc3 Be7 16. Nbd2 Rc8 17. Rc1 O-O 18. Ne4 Qb6 19. Nfd2 Ba3 20. Rc2 Qc6 21.
Qh5 Qa8 22. Re3 Rfe8 23. Rh3 h6 24. Rg3 Bxe4 0-1

[Event "Olexuv memorial 2018"]
[Site "?"]
[Date "2018.12.27"]
[Round "3.6"]
[White "Marsa, Alexandr"]
[Black "Zikan, Karel"]
[Result "1/2-1/2"]
[WhiteElo "1879"]
[BlackElo "1718"]
[PlyCount "71"]
[EventDate "2018.??.??"]

1. d4 d5 2. c4 e6 3. Nc3 Nf6 4. Bg5 Be7 5. e3 c6 6. Qc2 O-O 7. Nf3 Nbd7 8. a3
h6 9. Bh4 dxc4 10. Bxc4 Nb6 11. Ba2 Nfd5 12. Bxe7 Qxe7 13. Ne4 Nd7 14. Rd1 N5f6
15. O-O Nxe4 16. Qxe4 Nf6 17. Qc2 Bd7 18. e4 Rfd8 19. Rfe1 Rac8 20. h3 Be8 21.
b4 a5 22. Bb1 g6 23. Qd2 Kg7 24. Qb2 axb4 25. axb4 Ra8 26. Bc2 Ra7 27. d5 cxd5
28. exd5 Ra6 29. dxe6 Rxd1 30. Bxd1 Rxe6 31. Rxe6 Qxe6 32. Bb3 Qe7 33. Qc3 Kg8
34. Ne5 Kh7 35. Qd4 Nh5 36. g4 1/2-1/2

[Event "Olexuv memorial 2018"]
[Site "?"]
[Date "2018.12.27"]
[Round "3.7"]
[White "Spodny, Josef"]
[Black "Vavrousek, Petr"]
[Result "1/2-1/2"]
[WhiteElo "1863"]
[BlackElo "1676"]
[PlyCount "34"]
[EventDate "2018.??.??"]

1. e4 e6 2. d4 d5 3. e5 c5 4. c3 Nc6 5. Nf3 Bd7 6. Be2 Qb6 7. O-O Rc8 8. dxc5
Bxc5 9. b4 Bf8 10. Be3 Qc7 11. b5 Nxe5 12. Nxe5 Qxe5 13. Bxa7 Bc5 14. Bxc5 Rxc5
15. Qd4 Qxd4 16. cxd4 Rc2 17. Bd3 Rb2 1/2-1/2

[Event "Olexuv memorial 2018"]
[Site "?"]
[Date "2018.12.27"]
[Round "3.8"]
[White "Wunsch, Radek"]
[Black "Svestka, Jiri"]
[Result "1/2-1/2"]
[WhiteElo "1818"]
[BlackElo "1782"]
[PlyCount "83"]
[EventDate "2018.??.??"]

1. e4 d6 2. d4 Nf6 3. Nc3 c6 4. Bd3 e5 5. Nge2 Qc7 6. O-O Be7 7. a4 a5 8. h3
Nbd7 9. Be3 Nf8 10. f4 exd4 11. Nxd4 Ne6 12. Nf5 O-O 13. e5 dxe5 14. fxe5 Nd5
15. Nxd5 cxd5 16. Qh5 g6 17. Nxe7+ Qxe7 18. Qf3 d4 19. Bh6 Ng7 20. Qf6 Qxf6 21.
exf6 Ne6 22. Bxf8 Kxf8 23. Bc4 Bd7 24. b3 Rd8 25. Rad1 Bc6 26. Rfe1 Nf4 27. Rd2
Rd6 28. Rf1 Rxf6 29. Rxd4 g5 30. h4 h6 31. Rf2 Kg7 32. Bf1 Re6 33. g3 Nd5 34.
Bg2 Re1+ 35. Rf1 Re5 36. Bxd5 Bxd5 37. Rd2 Bc6 38. hxg5 Rxg5 39. Rd3 Be4 40.
Re3 Bxc2 41. Kg2 b5 42. Rf2 1/2-1/2

[Event "Olexuv memorial 2018"]
[Site "?"]
[Date "2018.12.27"]
[Round "3.9"]
[White "Hrdlicka, Vladan"]
[Black "Netopil, Martin"]
[Result "0-1"]
[WhiteElo "1765"]
[BlackElo "1634"]
[PlyCount "82"]
[EventDate "2018.??.??"]

1. d4 d5 2. c4 e6 3. Nf3 Nf6 4. g3 Be7 5. Bg2 dxc4 6. Qa4+ Qd7 7. Qxc4 Qc6 8.
Qb3 Qxc1+ 9. Qd1 Qxd1+ 10. Kxd1 O-O 11. Nc3 a6 12. Ne5 Nbd7 13. Nd3 Rb8 14. h4
b5 15. Rc1 Bb7 16. f3 c5 17. d5 Nxd5 18. Nxd5 Bxd5 19. a3 c4 20. Nf4 Nb6 21. e4
Bb7 22. h5 Bg5 23. Ke2 Bxf4 24. gxf4 h6 25. Bh3 Rbd8 26. f5 exf5 27. Bxf5 Bc8
28. Rhg1 Bxf5 29. exf5 Rfe8+ 30. Kf2 Rd2+ 31. Kg3 f6 32. b3 Ree2 33. a4 cxb3
34. axb5 axb5 35. Rc7 b2 36. Rb7 Rg2+ 37. Rxg2 Rxg2+ 38. Kxg2 b1=Q 39. Rb8+ Kh7
40. Rxb6 Qxf5 41. Kf2 Qc5+ 0-1

[Event "Olexuv memorial 2018"]
[Site "?"]
[Date "2018.12.27"]
[Round "3.10"]
[White "Doskar, Miloslav"]
[Black "Strublik, Martin"]
[Result "0-1"]
[WhiteElo "1615"]
[BlackElo "1468"]
[PlyCount "74"]
[EventDate "2018.??.??"]

1. d4 d6 2. c4 e5 3. Nf3 e4 4. Ng1 f5 5. e3 Nf6 6. Be2 d5 7. b3 Bb4+ 8. Bd2 Bd6
9. cxd5 Nxd5 10. Nc3 c6 11. Nxd5 cxd5 12. b4 O-O 13. a3 Kh8 14. Qb3 Be6 15. g3
g5 16. f4 gxf4 17. exf4 Qb6 18. Bh5 Kg8 19. Qe3 Nc6 20. Ne2 a5 21. Kf2 axb4 22.
Rhb1 Qa6 23. a4 b5 24. a5 Qb7 25. g4 fxg4 26. Rg1 Rxa5 27. Bxg4 Bxg4 28. Rxg4+
Kh8 29. Rxa5 Nxa5 30. Qh3 Qf7 31. Qh6 Nc4 32. Bc1 Qf6 33. Qh5 Qf7 34. Qh6 b3
35. Ng3 e3+ 36. Bxe3 b2 37. Nf5 b1=Q 0-1

[Event "Olexuv memorial 2018"]
[Site "?"]
[Date "2018.12.27"]
[Round "3.11"]
[White "Skalnik, Josef"]
[Black "Divis, Jan"]
[Result "0-1"]
[WhiteElo "1597"]
[BlackElo "1528"]
[PlyCount "111"]
[EventDate "2018.??.??"]

1. e4 d5 2. exd5 Qxd5 3. Nc3 Qa5 4. Nf3 Nf6 5. h3 c6 6. g3 Bf5 7. d3 e6 8. Bd2
Qc7 9. Nh4 Bg6 10. Nxg6 hxg6 11. Qf3 Bd6 12. b4 Nbd7 13. Ne4 Nxe4 14. Qxe4 Nf6
15. Qf3 a6 16. a3 Rh5 17. g4 Rh7 18. Bg2 Nd5 19. Bf1 Bf4 20. Bxf4 Qxf4 21. Qxf4
Nxf4 22. d4 g5 23. f3 Ke7 24. Kf2 Rah8 25. Kg3 g6 26. c4 f5 27. Re1 fxg4 28.
fxg4 Kf6 29. a4 Rd8 30. Rd1 Rhd7 31. h4 Rxd4 32. Rxd4 Rxd4 33. Rh2 e5 34. Rf2
gxh4+ 35. Kxh4 g5+ 36. Kg3 Kg7 37. Kf3 b6 38. Ke3 b5 39. axb5 axb5 40. cxb5
cxb5 41. Bxb5 Rxb4 42. Bd7 Nd5+ 43. Kf3 Rf4+ 44. Ke2 Rxf2+ 45. Kxf2 Kf6 46. Kf3
Ke7 47. Bf5 Kd6 48. Ke4 Nf6+ 49. Ke3 Kd5 50. Bc8 Kc4 51. Be6+ Kc3 52. Bf5 Kb2
53. Kd3 Kc1 54. Ke2 Nd5 55. Kd3 Nf6 56. Ke2 0-1

[Event "Olexuv memorial 2018"]
[Site "?"]
[Date "2018.12.27"]
[Round "3.12"]
[White "Neduchal, Jiri"]
[Black "Hladky, Milan"]
[Result "1-0"]
[WhiteElo "1802"]
[BlackElo "1692"]
[PlyCount "105"]
[EventDate "2018.??.??"]

1. d4 Nf6 2. Nf3 e6 3. Nbd2 d5 4. e3 Bd6 5. Bd3 Nbd7 6. O-O O-O 7. c3 c6 8. e4
dxe4 9. Nxe4 Nxe4 10. Bxe4 Nf6 11. Bc2 h6 12. Qe2 Qc7 13. Re1 b6 14. Ne5 Bb7
15. Qd3 c5 16. Ng4 Ne4 17. Rxe4 Bxe4 18. Qxe4 f5 19. Qxe6+ Kh8 20. Ne5 Bxe5 21.
dxe5 Rae8 22. Qc4 Qxe5 23. Bf4 Qe1+ 24. Rxe1 Rxe1+ 25. Qf1 Rxf1+ 26. Kxf1 Rf6
27. Be5 Rf8 28. f4 c4 29. Ke2 Kg8 30. Ke3 g6 31. a4 Rd8 32. b3 cxb3 33. Bxb3+
Kf8 34. Bd4 Rd7 35. Bd1 Kf7 36. Bf3 Kf8 37. Kd3 Kf7 38. Kc4 Ke7 39. Kb5 Rc7 40.
Ka6 Kf7 41. Bb7 Ke7 42. Kxa7 Rc4 43. Kxb6 Rxa4 44. Bd5 Ra1 45. Be5 Rb1+ 46. Kc6
h5 47. c4 h4 48. h3 Rd1 49. c5 Re1 50. Kc7 Rd1 51. Bd6+ Kf6 52. Bf3 Rc1 53. Kd7
1-0

[Event "Olexuv memorial 2018"]
[Site "HM Lokomotivy Brno"]
[Date "2018.12.28"]
[Round "4.1"]
[White "Pribyl, Rene"]
[Black "Krejci, Petr"]
[Result "1-0"]
[WhiteElo "1986"]
[BlackElo "1983"]
[PlyCount "63"]
[EventDate "2018.12.26"]

1. d4 Nf6 2. c4 c6 3. Nc3 d5 4. cxd5 cxd5 5. Nf3 Nc6 6. Bf4 e6 7. e3 Bd6 8.
Bxd6 Qxd6 9. Bd3 a6 10. O-O Ng4 11. h3 h5 12. hxg4 hxg4 13. Ne5 Nxe5 14. dxe5
Qxe5 15. Re1 Qh5 16. Kf1 f5 17. Ke2 g3+ 18. f3 Qh2 19. Rg1 Rh6 20. Qa4+ Bd7 21.
Bb5 O-O-O 22. Bxd7+ Rxd7 23. Rac1 Kd8 24. Qb4 Rf6 25. Na4 Ke8 26. Rc8+ Kf7 27.
Qf8+ Kg6 28. Qe8+ Rdf7 29. Rcc1 e5 30. Qxe5 Rc6 31. Nc3 Rff6 32. Nxd5 1-0

[Event "Olexuv memorial 2018"]
[Site "HM Lokomotivy Brno"]
[Date "2018.12.28"]
[Round "4.2"]
[White "Kolek, Josef"]
[Black "Gajdos, Daniel"]
[Result "0-1"]
[WhiteElo "1778"]
[BlackElo "1984"]
[PlyCount "53"]
[EventDate "2018.12.26"]

1. e4 e5 2. Nf3 Nf6 3. Nxe5 d6 4. Nf3 Nxe4 5. d4 d5 6. Be2 Be7 7. O-O O-O 8. h3
Bf5 9. Nbd2 Nd7 10. Nxe4 dxe4 11. Ne1 Nf6 12. Be3 Bd6 13. a3 Qd7 14. g4 Bg6 15.
c4 c6 16. Kg2 Rad8 17. b4 Bb8 18. Nc2 b5 19. g5 Ne8 20. h4 Nd6 21. c5 Nf5 22.
Rh1 Nxe3+ 23. fxe3 f5 24. h5 Bf7 25. Rh4 Qe7 26. Qh1 Qxg5+ 27. Kf1 0-1

[Event "Olexuv memorial 2018"]
[Site "HM Lokomotivy Brno"]
[Date "2018.12.28"]
[Round "4.3"]
[White "Snorek, Milan"]
[Black "Netopil, Martin"]
[Result "1-0"]
[WhiteElo "1980"]
[BlackElo "1634"]
[PlyCount "67"]
[EventDate "2018.12.26"]

1. d4 d5 2. Nf3 Nf6 3. c4 c6 4. Nc3 Bf5 5. cxd5 cxd5 6. Qb3 b6 7. Bg5 e6 8. e4
dxe4 9. Bb5+ Ke7 10. Qa3+ Qd6 11. Qxd6+ Kxd6 12. Ne5 Ke7 13. d5 exd5 14. Nxd5+
Ke6 15. Nc7+ Kxe5 16. Nxa8 Bb4+ 17. Ke2 Bg4+ 18. f3 exf3+ 19. gxf3 Bh5 20.
Bxf6+ Kxf6 21. Nc7 Bc5 22. Rad1 a6 23. b4 axb5 24. bxc5 bxc5 25. Nxb5 Re8+ 26.
Kf2 c4 27. Nd6 Re5 28. Nxc4 Rc5 29. Ne3 Ra5 30. Rd6+ Ke7 31. Rd2 Nd7 32. Re1
Kd8 33. Nc4 Rb5 34. Red1 1-0

[Event "Olexuv memorial 2018"]
[Site "HM Lokomotivy Brno"]
[Date "2018.12.28"]
[Round "4.4"]
[White "Kacalek, Tomas"]
[Black "Veznik, Michael"]
[Result "1-0"]
[WhiteElo "1555"]
[BlackElo "1801"]
[PlyCount "91"]
[EventDate "2018.12.26"]

1. Nf3 b6 2. d4 Bb7 3. c4 e6 4. a3 a5 5. Nc3 g6 6. e4 d6 7. g3 Bg7 8. Bg2 Nd7
9. O-O Ne7 10. Be3 O-O 11. Re1 h6 12. h4 f5 13. e5 d5 14. Nd2 c6 15. Ne2 Qe8
16. Rc1 c5 17. Nf4 Qf7 18. cxd5 Nxd5 19. Nxd5 Bxd5 20. Bxd5 exd5 21. e6 Qxe6
22. Bxh6 Qf6 23. Bxg7 Qxg7 24. dxc5 Nxc5 25. Nf3 Rfd8 26. b4 axb4 27. axb4 Ne4
28. Nd4 Ra2 29. Ne6 Qb2 30. Rc2 Qxc2 31. Qxc2 Rxc2 32. Nxd8 d4 33. Rd1 Rd2 34.
Rxd2 Nxd2 35. Nc6 Nb3 36. Kf1 Kf7 37. Ke2 Ke6 38. Kd3 Kd6 39. Nxd4 Nc1+ 40. Kc2
Na2 41. Kb3 Nc1+ 42. Kc4 Ke5 43. f3 f4 44. g4 Na2 45. Ne2 Kf6 46. Kb3 1-0

[Event "Olexuv memorial 2018"]
[Site "HM Lokomotivy Brno"]
[Date "2018.12.28"]
[Round "4.5"]
[White "Zikan, Karel"]
[Black "Borovicka, Bohumil"]
[Result "0-1"]
[WhiteElo "1718"]
[BlackElo "1909"]
[PlyCount "76"]
[EventDate "2018.12.26"]

1. d4 d5 2. Nf3 Nf6 3. c4 c5 4. cxd5 cxd4 5. Qxd4 Qxd5 6. Nc3 Qxd4 7. Nxd4 e5
8. Nc2 Be6 9. e4 a6 10. Be2 Nc6 11. f3 Bc5 12. Be3 Nb4 13. Nxb4 Bxe3 14. Rd1
Bd4 15. Nd3 Nd7 16. a3 Rc8 17. Rc1 Nb6 18. f4 f6 19. fxe5 fxe5 20. Nb4 Nc4 21.
Bxc4 Bxc4 22. Kd2 O-O 23. Nd3 Rcd8 24. Nd5 Bxd5 25. exd5 Rxd5 26. Ke2 e4 27.
Nb4 Rdf5 28. Rhf1 Rxf1 29. Rxf1 Rxf1 30. Kxf1 Bxb2 31. a4 Kf7 32. Ke2 Ke6 33.
Ke3 Ke5 34. h3 Bc1+ 35. Ke2 Kd4 36. Kd1 Bg5 37. Ke2 Kc4 38. Nc2 Kb3 0-1

[Event "Olexuv memorial 2018"]
[Site "HM Lokomotivy Brno"]
[Date "2018.12.28"]
[Round "4.6"]
[White "Pokora, Lubomir"]
[Black "Vavrousek, Petr"]
[Result "1-0"]
[WhiteElo "1895"]
[BlackElo "1676"]
[PlyCount "75"]
[EventDate "2018.12.26"]

1. d4 d5 2. Bf4 Nf6 3. e3 Bf5 4. c3 Nbd7 5. Bd3 Bxd3 6. Qxd3 e6 7. Nf3 Be7 8.
h3 O-O 9. Nbd2 c5 10. O-O cxd4 11. exd4 Qb6 12. Rab1 Bd6 13. Ne5 Bxe5 14. dxe5
Nh5 15. Bh2 g6 16. g4 Ng7 17. Rfe1 Rac8 18. Kg2 f5 19. exf6 Rxf6 20. f3 Qd8 21.
Bg3 Qf8 22. Re2 Qc5 23. Bf2 Qc6 24. Bd4 Rf7 25. Qe3 b6 26. Bxg7 Kxg7 27. Qxe6
Qb5 28. Rbe1 Qxb2 29. Ne4 Qxe2+ 30. Rxe2 dxe4 31. Qxe4 Rcf8 32. Re3 Rf4 33. Qb7
R8f7 34. Qxa7 Nf6 35. Re7 Nd5 36. Rxf7+ Rxf7 37. Qb8 Nxc3 38. Qe5+ 1-0

[Event "Olexuv memorial 2018"]
[Site "HM Lokomotivy Brno"]
[Date "2018.12.28"]
[Round "4.7"]
[White "Dvis, Jan"]
[Black "Marsa, Alexandr"]
[Result "0-1"]
[WhiteElo "1538"]
[BlackElo "1879"]
[PlyCount "64"]
[EventDate "2018.12.26"]

1. d4 d5 2. Bf4 c6 3. e3 Qb6 4. Qc1 Bf5 5. c3 e6 6. Nf3 Be7 7. Nbd2 Nd7 8. Be2
Ngf6 9. O-O O-O 10. Ne5 Nxe5 11. dxe5 Nd7 12. g4 Bg6 13. Nf3 Rac8 14. Rd1 h5
15. h3 hxg4 16. hxg4 f6 17. exf6 gxf6 18. Bd3 Bxd3 19. Rxd3 e5 20. Bh6 e4 21.
Bxf8 Bxf8 22. Qd1 exd3 23. Qxd3 Bg7 24. Kg2 Re8 25. Rh1 Re4 26. Rh4 f5 27. gxf5
Rxh4 28. Nxh4 Qd8 29. Nf3 Qf6 30. e4 Nc5 31. Qd4 Qxd4 32. cxd4 Nxe4 0-1

[Event "Olexuv memorial 2018"]
[Site "HM Lokomotivy Brno"]
[Date "2018.12.28"]
[Round "4.9"]
[White "Nisztuk, Michal"]
[Black "Wunsch, Radek"]
[Result "0-1"]
[WhiteElo "1600"]
[BlackElo "1818"]
[PlyCount "76"]
[EventDate "2018.12.26"]

1. e4 Nc6 2. d4 e5 3. d5 Nce7 4. c4 Ng6 5. Nf3 Nf6 6. Nc3 Bb4 7. Bg5 h6 8. Bxf6
Qxf6 9. Be2 Bxc3+ 10. bxc3 d6 11. Rb1 Nf4 12. Bf1 Qg6 13. Bd3 Nxg2+ 14. Kd2 Qf6
15. Rg1 Nf4 16. Qa4+ Bd7 17. Qd1 b6 18. Rg3 O-O 19. Ke3 Nh5 20. Be2 Qf4+ 21.
Kd3 f5 22. Nd2 Nxg3 23. hxg3 Qxf2 24. Qg1 fxe4+ 25. Nxe4 Bf5 26. Qe1 Qxe1 27.
Rxe1 Bxe4+ 28. Kxe4 Rf2 29. a4 a5 30. Ke3 Raf8 31. Rh1 Rg2 32. g4 Rg3+ 33. Kd2
Rf2 34. Ke1 Rf4 35. Kd2 Rg2 36. Kd3 Rff2 37. Bd1 Rg3+ 38. Ke4 Rf4# 0-1

[Event "Olexuv memorial 2018"]
[Site "HM Lokomotivy Brno"]
[Date "2018.12.28"]
[Round "4.10"]
[White "Strublik, Martin"]
[Black "Neduchal, Jiri"]
[Result "1/2-1/2"]
[WhiteElo "1468"]
[BlackElo "1802"]
[PlyCount "62"]
[EventDate "2018.12.26"]

1. e4 c6 2. d4 d5 3. f3 e6 4. Nc3 Nd7 5. e5 c5 6. f4 cxd4 7. Nb5 a6 8. Nxd4 Ne7
9. Be3 Nc6 10. Ngf3 Be7 11. c3 Qc7 12. Bd3 b5 13. Nxc6 Qxc6 14. Nd4 Qc7 15. Qh5
Nc5 16. Bc2 Bd7 17. Qg4 g6 18. Kf2 Ne4+ 19. Bxe4 dxe4 20. Rhd1 Rd8 21. Qe2 O-O
22. Rac1 Qb7 23. Nb3 Bc6 24. Bc5 Rxd1 25. Rxd1 Rd8 26. Bxe7 Rxd1 27. Qxd1 Qxe7
28. g3 Bd5 29. Qd4 Bxb3 30. axb3 e3+ 31. Kxe3 Qb7 1/2-1/2

[Event "Olexuv memorial 2018"]
[Site "HM Lokomotivy Brno"]
[Date "2018.12.28"]
[Round "4.11"]
[White "Hala, Pavel"]
[Black "Doskar, Miloslav"]
[Result "0-1"]
[WhiteElo "1573"]
[BlackElo "1615"]
[PlyCount "62"]
[EventDate "2018.12.26"]

1. g3 d5 2. Bg2 Nf6 3. d4 Bf5 4. Nc3 e6 5. a3 Be7 6. Nf3 h6 7. h3 c6 8. Nd2
Nbd7 9. e3 Qc7 10. Nb3 O-O 11. Bd2 e5 12. Ne2 Ne4 13. Bxe4 Bxe4 14. O-O Bf3 15.
Qe1 Bf6 16. dxe5 Nxe5 17. Bc3 Be4 18. Qc1 Nf3+ 19. Kg2 Nd4+ 20. f3 Nxe2 21. Qe1
Nxc3 22. fxe4 Nxe4 23. c3 Rfe8 24. Rd1 Re5 25. Rf3 Rg5 26. g4 h5 27. Rf5 Rxf5
28. gxf5 Re8 29. Nd4 Bxd4 30. exd4 Qe7 31. h4 Nf6 0-1

[Event "Olexuv memorial 2018"]
[Site "HM Lokomotivy Brno"]
[Date "2018.12.28"]
[Round "4.12"]
[White "Skalnik, Josef"]
[Black "Hrdlicka, Vladan"]
[Result "0-1"]
[WhiteElo "1597"]
[BlackElo "1765"]
[PlyCount "88"]
[EventDate "2018.12.26"]

1. e4 c5 2. g3 Nc6 3. Bg2 d6 4. Nc3 Nf6 5. Nge2 e6 6. O-O Be7 7. d3 a6 8. a4
O-O 9. b3 Qc7 10. Bb2 Nd4 11. Nxd4 cxd4 12. Ne2 e5 13. Rc1 Qb6 14. c3 Be6 15.
b4 dxc3 16. Bxc3 Rac8 17. Qd2 Rfd8 18. h3 h6 19. Kh2 d5 20. Qb2 dxe4 21. dxe4
Rd3 22. Bxe5 Qxb4 23. Rxc8+ Bxc8 24. Qxb4 Bxb4 25. Bxf6 gxf6 26. Nf4 Rd6 27.
Nd5 Bc5 28. Rc1 Rc6 29. Nxf6+ Kf8 30. e5 Rc7 31. Nd5 Rc6 32. a5 Bxf2 33. Rxc6
bxc6 34. Nb6 Bxb6 35. axb6 Bb7 36. Be4 Ke7 37. Bf5 c5 38. g4 f6 39. e6 a5 40.
Kg3 a4 41. Kh4 a3 42. Bb1 c4 43. Ba2 c3 44. Bb3 c2 0-1

[Event "Olexuv memorial 2018"]
[Site "HM Lokomotivy Brno"]
[Date "2018.12.29"]
[Round "5.1"]
[White "Gajdos, Daniel"]
[Black "Pribyl, Rene"]
[Result "1-0"]
[WhiteElo "1984"]
[BlackElo "1986"]
[PlyCount "69"]
[EventDate "2018.12.26"]

1. d4 d5 2. c4 e6 3. Nc3 Nf6 4. cxd5 exd5 5. Bg5 Be7 6. Qc2 c6 7. e3 Bg4 8. Bd3
Nbd7 9. Nge2 Bxe2 10. Qxe2 O-O 11. O-O Re8 12. f3 h6 13. Bh4 Qb6 14. Qc2 Rac8
15. Bf5 Rcd8 16. Rae1 a6 17. Bf2 Qc7 18. e4 Nf8 19. e5 N6d7 20. Nxd5 Qa5 21.
Nxe7+ Rxe7 22. b4 Qc7 23. f4 Qb8 24. Bh4 f6 25. exf6 Rxe1 26. f7+ Kxf7 27. Rxe1
Nf6 28. Qc4+ Rd5 29. Bxf6 Kxf6 30. Be4 Rd8 31. d5 Qa7+ 32. Kf1 cxd5 33. Bxd5 g5
34. Qc3+ Kg6 35. f5+ 1-0

[Event "Olexuv memorial 2018"]
[Site "?"]
[Date "2018.12.29"]
[Round "5.2"]
[White "Snorek, Milan"]
[Black "Kacalek, Tomas"]
[Result "0-1"]
[WhiteElo "1980"]
[BlackElo "1555"]
[PlyCount "78"]
[EventDate "2018.??.??"]

1. d4 d5 2. Nf3 c5 3. c4 e6 4. cxd5 exd5 5. Nc3 Nf6 6. Bg5 Be7 7. g3 Nc6 8. Bg2
O-O 9. O-O c4 10. b3 h6 11. Bf4 cxb3 12. axb3 Be6 13. Qb1 a6 14. Rc1 Rc8 15. h3
Nd7 16. Be3 Bd6 17. Nh2 Nb6 18. f4 Qf6 19. Nf3 Bf5 20. Qb2 Qe6 21. Bf2 Bxh3 22.
Ne5 Bxg2 23. Kxg2 f6 24. Nf3 Rfe8 25. e3 Ne7 26. Rh1 Nf5 27. Rae1 Bb4 28. Nd1
Bxe1 29. Rxe1 Qe4 30. g4 Nh4+ 31. Bxh4 Rc2+ 32. Qxc2 Qxc2+ 33. Bf2 Qxb3 34. g5
Nc4 35. gxf6 gxf6 36. Nh4 Kh7 37. f5 a5 38. Kf3 a4 39. Rg1 a3 0-1

[Event "Olexuv memorial 2018"]
[Site "HM Lokomotivy Brno"]
[Date "2018.12.29"]
[Round "5.3"]
[White "Krejci, Petr"]
[Black "Kolek, Josef"]
[Result "1-0"]
[WhiteElo "1983"]
[BlackElo "1778"]
[PlyCount "35"]
[EventDate "2018.12.26"]

1. Nf3 Nf6 2. g3 c5 3. Bg2 Nc6 4. O-O g6 5. d4 cxd4 6. Nxd4 Bg7 7. c4 O-O 8.
Nc3 Nxd4 9. Qxd4 d6 10. e4 Ng4 11. Qd2 Ne5 12. b3 Bd7 13. Bb2 Rc8 14. Kh1 a6
15. f4 Nc6 16. a3 Re8 17. Rad1 Qc7 18. c5 1-0

[Event "Olexuv memorial 2018"]
[Site "HM Lokomotivy Brno"]
[Date "2018.12.29"]
[Round "5.4"]
[White "Borovicka, Bohumil"]
[Black "Marsa, Alexandr"]
[Result "1/2-1/2"]
[WhiteElo "1909"]
[BlackElo "1879"]
[PlyCount "63"]
[EventDate "2018.12.26"]

1. e4 e6 2. b3 c5 3. Nf3 Nc6 4. Bb2 Nf6 5. e5 Nd5 6. c4 Nf4 7. g3 Ng6 8. Bg2
Qc7 9. Qe2 b6 10. O-O Bb7 11. Na3 Be7 12. Rfe1 a6 13. Nc2 f6 14. Rad1 O-O-O 15.
d4 cxd4 16. exf6 Bxf6 17. Ncxd4 Nxd4 18. Bxd4 Rhf8 19. Ne5 Bxe5 20. Bxe5 Nxe5
21. Qxe5 Qxe5 22. Bxb7+ Kxb7 23. Rxe5 Rf6 24. f4 d6 25. Re2 Kc7 26. h4 h5 27.
Kg2 Kd7 28. Re5 Rf5 29. Rxf5 exf5 30. Kf2 Re8 31. a4 a5 32. Rd5 1/2-1/2

[Event "Olexuv memorial 2018"]
[Site "HM Lokomotivy Brno"]
[Date "2018.12.29"]
[Round "5.5"]
[White "Wunsch, Radek"]
[Black "Pokora, Lubomir"]
[Result "1/2-1/2"]
[WhiteElo "1818"]
[BlackElo "1895"]
[PlyCount "28"]
[EventDate "2018.12.26"]

1. e4 d6 2. d4 Nf6 3. Nc3 Nbd7 4. Nf3 e5 5. Bc4 Be7 6. O-O O-O 7. Re1 c6 8. a4
a5 9. h3 Qc7 10. Be3 h6 11. Bb3 Re8 12. Qe2 Bf8 13. dxe5 Nxe5 14. Nxe5 dxe5
1/2-1/2

[Event "Olexuv memorial 2018"]
[Site "HM Lokomotivy Brno"]
[Date "2018.12.29"]
[Round "5.8"]
[White "Veznik, Michael"]
[Black "Zikan, Karel"]
[Result "1-0"]
[WhiteElo "1801"]
[BlackElo "1718"]
[PlyCount "63"]
[EventDate "2018.12.26"]

1. e4 c6 2. Ne2 d5 3. e5 Bf5 4. Ng3 e6 5. Nxf5 exf5 6. d4 g6 7. Be2 Qb6 8. O-O
Na6 9. c3 Nc7 10. b4 a5 11. bxa5 Rxa5 12. a4 Ne6 13. f4 Bg7 14. Kh1 Ne7 15. Ba3
Kd7 16. Nd2 Rha8 17. Bb4 R5a7 18. a5 Qd8 19. Nb3 b6 20. axb6 Rxa1 21. Nxa1 Qxb6
22. Nb3 h5 23. Qd2 Nc8 24. c4 Rb8 25. cxd5 cxd5 26. Rb1 Ke8 27. Bc3 Bf8 28. g3
Bb4 29. Nc5 Nxc5 30. Rxb4 Qc7 31. dxc5 Ra8 32. Qxd5 1-0

[Event "Olexuv memorial 2018"]
[Site "HM Lokomotivy Brno"]
[Date "2018.12.29"]
[Round "5.9"]
[White "Neduchal, Jiri"]
[Black "Doskar, Miloslav"]
[Result "1-0"]
[WhiteElo "1802"]
[BlackElo "1615"]
[PlyCount "85"]
[EventDate "2018.12.26"]

1. d4 d5 2. Nf3 Nf6 3. e3 c6 4. Bd3 e6 5. O-O Be7 6. c3 Nbd7 7. Nbd2 O-O 8. e4
dxe4 9. Nxe4 Nxe4 10. Bxe4 Nf6 11. Bc2 b6 12. Ne5 Bb7 13. Qd3 g6 14. Bh6 Re8
15. Qg3 Qc7 16. Nxg6 Qxg3 17. Nxe7+ Rxe7 18. fxg3 Nd5 19. Rae1 Rae8 20. Re4 f5
21. Re5 Nf6 22. Bg5 Ng4 23. Bxe7 Nxe5 24. Bd6 Nc4 25. Ba3 Nxa3 26. bxa3 Ba6 27.
Re1 Kf7 28. Bb3 Bd3 29. Re3 Be4 30. g4 h6 31. gxf5 Bxf5 32. Kf2 Rg8 33. g3 Rg6
34. Re5 Rf6 35. Kg2 Bd3 36. g4 Ke7 37. h4 Bg6 38. g5 hxg5 39. hxg5 Rf5 40.
Rxe6+ Kf7 41. Rf6+ Kg7 42. Rxf5 Bxf5 43. Kg3 1-0

[Event "Olexuv memorial 2018"]
[Site "HM Lokomotivy Brno"]
[Date "2018.12.29"]
[Round "5.10"]
[White "Hrdlicka, Vladan"]
[Black "Nisztuk, Michal"]
[Result "*"]
[WhiteElo "1765"]
[BlackElo "1600"]
[PlyCount "73"]
[EventDate "2018.12.26"]

1. e4 e5 2. Nf3 Nc6 3. Bb5 Nf6 4. d3 d5 5. Qe2 dxe4 6. dxe4 Bd6 7. h3 O-O 8.
Bg5 Bd7 9. Nc3 Nd4 10. Nxd4 exd4 11. Bxd7 dxc3 12. Ba4 cxb2 13. Rb1 c6 14. O-O
Be5 15. Bb3 Qa5 16. f4 Bd4+ 17. Kh1 Rae8 18. Bxf6 Bxf6 19. e5 b5 20. c4 b4 21.
Qf3 Bd8 22. Qxc6 Re6 23. Qd5 Qa6 24. Rxb2 Bb6 25. Qb5 Qc8 26. c5 Rc6 27. cxb6
Rc1 28. Rb1 Rc5 29. Qxb4 axb6 30. Qxb6 Rc3 31. e6 Kh8 32. f5 f6 33. Rfd1 Rc6
34. Qd4 h6 35. e7 Re8 36. Ba4 Rc4 37. Qxc4 *

[Event "Olexuv memorial 2018"]
[Site "HM Lokomotivy Brno"]
[Date "2018.12.29"]
[Round "5.11"]
[White "Vavrousek, Petr"]
[Black "Divis, Jan"]
[Result "0-1"]
[WhiteElo "1676"]
[BlackElo "1538"]
[PlyCount "44"]
[EventDate "2018.12.26"]

1. e4 d5 2. exd5 Qxd5 3. Nc3 Qa5 4. d4 Nf6 5. Nf3 c6 6. Bc4 Bf5 7. Bd2 e6 8.
Nd5 Qd8 9. Nxf6+ gxf6 10. Bb3 Nd7 11. Qe2 Qc7 12. Nh4 Bg6 13. Nxg6 hxg6 14. g3
O-O-O 15. c4 Bh6 16. f4 e5 17. Qf2 exf4 18. Bxf4 Bxf4 19. gxf4 Rde8+ 20. Kd2
Qa5+ 21. Kc1 Rh3 22. c5 Rxb3 0-1

[Event "Olexuv memorial 2018"]
[Site "HM Lokomotivy Brno"]
[Date "2018.12.29"]
[Round "5.12"]
[White "Hladky, Milan"]
[Black "Hala, Pavel"]
[Result "1-0"]
[WhiteElo "1692"]
[BlackElo "1573"]
[PlyCount "35"]
[EventDate "2018.12.26"]

1. d4 d6 2. e4 c6 3. Nf3 e6 4. Nc3 Ne7 5. Bg5 h6 6. Bh4 Qc7 7. Qd2 Ng6 8. Bg3
Qd7 9. O-O-O b5 10. d5 a6 11. dxc6 Nxc6 12. Bxd6 Bxd6 13. Qxd6 Qxd6 14. Rxd6
Nge7 15. Nxb5 O-O 16. Nc3 e5 17. Bc4 Bg4 18. Bb3 1-0

[Event "Olexuv memorial 2018"]
[Site "?"]
[Date "2018.12.30"]
[Round "6.1"]
[White "Kacalek, Tomas"]
[Black "Gajdos, Daniel"]
[Result "0-1"]
[WhiteElo "1555"]
[BlackElo "1984"]
[PlyCount "103"]
[EventDate "2018.??.??"]

1. e4 e5 2. Nf3 Nf6 3. Nc3 Bb4 4. Bc4 O-O 5. d3 d6 6. O-O c6 7. Bd2 Nbd7 8. a3
Ba5 9. b4 Bb6 10. a4 a5 11. b5 Nc5 12. h3 d5 13. exd5 cxd5 14. Ba2 d4 15. Ne2
Bc7 16. Bb1 b6 17. Ng3 e4 18. Nxe4 Nfxe4 19. dxe4 Nxe4 20. Ra3 Nc5 21. Bc1 d3
22. cxd3 Bb7 23. d4 Ne6 24. Qd3 g6 25. Rd1 Qd6 26. g3 Rad8 27. Rc3 Qd5 28. Bc2
Qxf3 29. Qxf3 Bxf3 30. Rxf3 Nxd4 31. Rxd4 Rxd4 32. Bh6 Rfd8 33. Bb3 R4d7 34.
Rf6 Bd6 35. Kg2 Bc5 36. h4 Bd4 37. Rf3 Rc8 38. Ba2 Rc3 39. Rf4 Bg7 40. Bg5 h6
41. Bf6 Bxf6 42. Rxf6 Ra3 43. Bb1 Rd1 44. Bxg6 fxg6 45. Rxg6+ Kh7 46. Rxb6 Rxa4
47. Ra6 Rb1 48. b6 Rb3 49. h5 Kg7 50. Kh3 Rb5 51. Ra7+ Kf6 52. b7 0-1